U-Bahnstationen in Berlin - Sudden Death - Statistiken

Allgemein
  • Dieses Quiz wurde 561 mal gespielt
  • Das Durchschnittsergebnis liegt bei 9 aus 18
Answers on the Grid
Answers color-coded by a green-red scale on the quiz's grid according to % correct below.
Birkenstraße
Mohrenstraße
Adlershof
Gesundbrunnen
Frankfurter Allee
Oranienburg
Westend
Lankwitz
Britz Süd
Uhlandstraße
Köpenick
Büchen
Feldmoching
Jannowitzbrücke
Grunewald
Dahlem Dorf
Heidelberger Platz
Bundestag
Stadtmitte
Grenzallee
Hönow
Schönhauser Allee
Wittenau
Höhenschönhausen
Flughafen BER
Möckernbrücke
Warschauer Straße
Westhafen
Bellevue
Südkreuz
 
Antwortstatistiken
Antwort % Korrekt
Bundestag
63%
Warschauer Straße
62%
Gesundbrunnen
60%
Stadtmitte
59%
Uhlandstraße
57%
Schönhauser Allee
56%
Hönow
55%
Jannowitzbrücke
54%
Frankfurter Allee
52%
Heidelberger Platz
51%
Mohrenstraße
51%
Wittenau
51%
Dahlem Dorf
47%
Möckernbrücke
47%
Britz Süd
45%
Grenzallee
45%
Westhafen
40%
Birkenstraße
36%
Keine übereinstimmenden Quizze gefunden
Verteilung der Resultate
Anzahl Personen mit jedem Resultat
Perzentil nach korrekt beantworteten Fragen
Ihre Resultats-Entwicklung
Sie haben dieses Quiz noch nicht gespielt